Programme des arrangements pour la visite de L'Égypte, le Nil, le Soudan etc. avec cartes, illustrations et plans des bateaux à vapeur touristes de 1re classe. (Record no. 168329)

MARC details
000 -LEADER
campo de control de longitud fija 00581nam a2200157 i 4500
001 - NÚMERO DE CONTROL
campo de control 168329
003 - IDENTIFICADOR DE NÚMERO DE CONTROL
campo de control ES-MaACL
005 - FECHA Y HORA DE LA ÚLTIMA TRANSACCIÓN
campo de control 20230906213741.0
008 - DATOS DE LONGITUD FIJA--INFORMACIÓN GENERAL
campo de control de longitud fija 080312s1912 fr |||| | fre d
080 ## - NÚMERO DE LA CLASIFICACIÓN DECIMAL UNIVERSAL
Número de la Clasificación Decimal Universal 913(620)(036)
245 00 - MENCIÓN DEL TÍTULO
Título Programme des arrangements pour la visite de L'Égypte, le Nil, le Soudan etc. avec cartes, illustrations et plans des bateaux à vapeur touristes de 1re classe.
260 ## - PUBLICACIÓN, DISTRIBUCIÓN, ETC.
Lugar de publicación, distribución, etc. Paris :
Nombre del editor, distribuidor, etc. Cook & Son,
Fecha de publicación, distribución, etc. [1912?]
300 ## - DESCRIPCIÓN FÍSICA
Extensión 81 p., [3 ] h. de map. :
Otras características físicas il. ;
Dimensiones 21 cm.
651 #4 - PUNTO DE ACCESO ADICIONAL DE MATERIA--NOMBRE GEOGRÁFICO
Nombre geográfico Egipto-
Subdivisión de forma Guías turísticas.
9 (RLIN) 8142
852 ## - LOCALIZACIÓN
Ubicación ES-MaACL
Número de control de estantería T-1408-F-1
Holdings
Estatus retirado Estado de pérdida Estado de daño No para préstamo Colección Biblioteca de origen Biblioteca actual Ubicación en estantería Fecha de adquisición Fuente de adquisición Total de préstamos Signatura topográfica completa Código de barras Visto por última vez Precio de reemplazo Tipo de ítem Koha
        Colección de folletos Biblioteca del Ateneo de Madrid Biblioteca del Ateneo de Madrid Depósito folletos 12/03/2008     T-1408-F-1 1176624 23/02/2023 23/02/2023 Folleto